Kofi Annan and global leadership at the United Nations /

Kofi Annan was the most significant and influential Secretary-General of the United Nations. 'Kofi Annan and Global Leadership at the United Nations' is a study of how Annan conceived his role as Secretary-General and exercised global leadership at a turbulent period in world affairs.

Bibliographic Details
Main Author: Williams, Abiodun, 1961- (Author)
Format: eBook
Language:English
Published: Oxford, United Kingdom ; New York, NY, United States of America : Oxford University Press, [2024]
Subjects:
Online Access:Connect to the full text of this electronic book

MARC

Tag First Indicator Second Indicator Subfields
LEADER 00000cam a2200000 i 4500
001 in00005726921
005 20260319204721.0
006 m o d
007 cr |||||||||||
008 240402t20242024enk ob 001 0 eng d
040 |a STBDS  |b eng  |e rda  |e pn  |c STBDS  |d OCLCO  |d UPM  |d OCLCO  |d EBLCP  |d OCLCQ  |d TFW  |d YDX  |d CLOUD  |d UKKRT  |d OCLCQ  |d UKMGB  |d OCLCL  |d N$T  |d IUL 
015 |a GBC474923  |2 bnb 
016 7 |a 300195043  |2 Uk 
019 |a 1451100423  |a 1463287450 
020 |a 9780191939754  |q ebook 
020 |a 0191939757 
020 |z 0192847422  |q hardcover 
020 |z 9780192847423  |q hardcover 
020 |a 0192663186  |q (electronic bk.) 
020 |a 9780192663184  |q (electronic bk.) 
024 7 |a 10.1093/9780191939754.001.0001  |2 doi 
024 8 |a CIPO000079305 
035 |a (OCoLC)1428467998  |z (OCoLC)1451100423  |z (OCoLC)1463287450 
043 |a f-gh--- 
050 4 |a JZ5008  |b .W5 2024 
082 0 4 |a 341.23092  |2 23 
049 |a TXAM 
100 1 |a Williams, Abiodun,  |d 1961-  |e author.  |1 https://id.oclc.org/worldcat/entity/E39PBJwxKgyTFfBwpQ9GkxtkDq 
245 1 0 |a Kofi Annan and global leadership at the United Nations /  |c Abiodun Williams. 
264 1 |a Oxford, United Kingdom ;  |a New York, NY, United States of America :  |b Oxford University Press,  |c [2024] 
264 4 |c ©2024 
300 |a 1 online resource 
336 |a text  |b txt  |2 rdacontent 
337 |a computer  |b c  |2 rdamedia 
338 |a online resource  |b cr  |2 rdacarrier 
347 |a text file  |2 rdaft 
504 |a Includes bibliographical references and index. 
505 0 |a 1. The Unique Job: ""Pushing Rocks to the Top of the Mountain'' -- 2. Conflict Prevention: "No Higher Goal and No Deeper Commitment'' -- 3. Development: "A Global Concern'' -- 4. Human Rights: "The Very Heart of the UN's Mission'' -- 5. The Responsibility to Protect: "The Most Precious Achievement'' -- 6. 9/11, Afghanistan, and Iraq: "Through a Gate of Fire'' -- 7. UN Reform: "To Do More Good by Doing It Better'' -- 8. Building Partnerships: "Beyond the Precincts of Officialdom'' -- Conclusion: Internationalist Icon. 
520 8 |a Kofi Annan was the most significant and influential Secretary-General of the United Nations. 'Kofi Annan and Global Leadership at the United Nations' is a study of how Annan conceived his role as Secretary-General and exercised global leadership at a turbulent period in world affairs. 
588 |a Description based on online resource; title from home page (Oxford Academic, viewed November 7, 2025). 
600 1 0 |a Annan, Kofi A.  |q (Kofi Atta) 
610 2 0 |a United Nations.  |b Secretary-General. 
650 0 |a Legislative bodies  |x Leadership. 
650 0 |a International relations  |x International cooperation. 
650 6 |a Parlements  |x Leadership. 
650 6 |a Relations internationales  |x Coopération internationale. 
650 7 |a History & Theory.  |2 bisacsh 
650 7 |a POLITICAL SCIENCE.  |2 bisacsh 
650 7 |a International law.  |2 thema 
650 7 |a Law.  |2 ukslc 
655 7 |a Electronic books.  |2 local 
776 0 8 |i Print version:  |a Williams, Abiodun, 1961-  |t Kofi Annan and global leadership at the United Nations.  |b First edition.  |d Oxford : Oxford University Press, 2024  |z 0192847422  |w (OCoLC)1417471265 
856 4 0 |u http://proxy.library.tamu.edu/login?url=https://academic.oup.com/book/56475  |z Connect to the full text of this electronic book  |t 0 
955 |a Oxford Scholarship Online 
994 |a 92  |b TXA 
999 f f |i edd81f13-7e9a-4f88-93f2-eb2cd79e3a23  |s cc1d4893-53d6-4af5-a931-feaa39400464  |t 0 
952 f f |a Texas A&M University  |b College Station  |c Electronic Resources  |s www_evans  |d Available Online  |t 0  |e JZ5008 .W5 2024  |h Library of Congress classification 
998 f f |a JZ5008 .W5 2024  |t 0  |l Available Online